Pays du monde par langue d'origine - Statistiques

Statistiques générales
  • Ce quiz a été pris 64 fois
  • Le résultat moyen est 120 sur 197
Statistiques - réponses
Pays en langue d'origine Pays en Français % Correct
México Mexique
98%
Costa Rica Costa Rica
94%
Danmark Danemark
94%
Deutschland Allemagne
94%
Kenya Kenya
94%
Malaysia Malaisie
94%
Cameroun Cameroun
92%
Cuba Cuba
92%
Guatemala Guatemala
92%
United Kingdom Royaume-Uni
92%
Rwanda Rwanda
92%
Zimbabwe Zimbabwe
92%
Andorra Andorre
90%
Australia Australie
90%
The Bahamas Bahamas
90%
Chile Chili
90%
Colombia Colombie
90%
España Espagne
90%
New Zeland Nouvelle-Zélande
90%
United States États-Unis
90%
Madagasikara Madagascar
90%
Moldova Moldavie
90%
Panamá Panama
90%
República Dominicana République dominicaine
90%
Srbija Serbie
90%
Suriname Suriname
90%
Türkiye Turquie
90%
België Belgique
88%
Belize Belize
88%
Bolivia Bolivie
88%
Botswana Botswana
88%
Brasil Brésil
88%
Côte d'Ivoire Côte d'Ivoire
88%
Grenada Grenade
88%
Solomon Islands Îles Salomon
88%
Indonesia Indonésie
88%
Nederland Pays-Bas
88%
România Roumanie
88%
El Salvador Salvador
88%
Sénégal Sénégal
88%
Bosna i Hercegovina Bosnie-Herzégovine
86%
Burkĩna Faso Burkina Faso
86%
Liechtenstein Liechtenstein
86%
Mali Mali
86%
Polska Pologne
86%
Slovenija Slovénie
86%
South Sudan Soudan du Sud
86%
Tanzania Tanzanie
86%
Togo Togo
86%
Vaticano Vatican
86%
Việt Nam Vietnam
86%
Argentina Argentine
84%
Ecuador Équateur
84%
Guiné-Bissau Guinée-Bissau
84%
Tuvalu Tuvalu
84%
Burundi Burundi
82%
Negara Brunei Darussalam Brunei
82%
Ghana Ghana
82%
Kosovë Kosovo
82%
Liberia Liberia
82%
Republiki ya Kongó République du Congo
82%
San Marino Saint-Marin
82%
São Tomé e Príncipe Sao Tomé-et-Principe
82%
Venezuela Venezuela
82%
Österreich Autriche
80%
Barbados Barbade
80%
Uganda Ouganda
80%
eSwatini Eswatini
80%
France France
80%
Ireland Irlande
80%
Italia Italie
80%
Portugal Portugal
80%
Sen Vinsan an di Grenadines Saint-Vincent-et-les-Grenadines
80%
Türkmenistan Turkménistan
80%
Canada Canada
78%
Ayiti Haïti
78%
Lesotho Lesotho
78%
Papua Niugini Papouasie-Nouvelle-Guinée
78%
Jamhuri ya Kidemokrasia ya Kongo République démocratique du Congo
78%
Timor Lorosa'e Timor oriental
78%
Tonga Tonga
78%
Zambia Zambie
78%
Angola Angola
76%
Federated States of Micronesia États fédérés de Micronésie
76%
Guinea Ecuatorial Guinée équatoriale
76%
Latvija Lettonie
76%
Malta Malte
76%
Norge Norvège
76%
Pilipinas Philippines
76%
Slovensko Slovaquie
76%
Gambia Gambie
74%
Guinée Guinée
74%
Ísland Islande
74%
Jamaica Jamaïque
74%
日本 Japon
74%
Nicaragua Nicaragua
74%
Perú Pérou
74%
Singapore Singapour
74%
Uruguay Uruguay
74%
Iningizimu Afrika Afrique du Sud
72%
Gabon Gabon
72%
Honduras Honduras
72%
Malaŵi Malawi
72%
Namibia Namibie
72%
Paraguái Paraguay
72%
Soomaaliya Somalie
72%
Vanuatu Vanuatu
72%
Azərbaycan Azerbaïdjan
70%
Kabu Verdi Cap-Vert
70%
Antigua and Barbuda Antigua-et-Barbuda
68%
Komori Comores
68%
Donmnik Dominique
68%
Kiribati Kiribati
68%
Moris Maurice
68%
Muzambiki Mozambique
68%
Česko République Tchèque
68%
Samoa Samoa
68%
Trinidad and Tobago Trinité-et-Tobago
68%
Guyana Guyana
66%
Lietuva Lituanie
66%
Saint Kitts and Nevis Saint-Christophe-et-Niévès
66%
Schweiz Suisse
66%
Қазақстан Kazakhstan
64%
Lëtzebuerg Luxembourg
60%
Najeriya Nigeria
60%
Россия Russie
60%
中国 Chine
58%
Eesti Estonie
56%
Северна Македонија Macédoine du Nord
56%
Sent-Lisi Sainte-Lucie
56%
יִשְׂרָאֵל Israël
52%
Naoero Nauru
52%
Nijar Niger
52%
Magyarország Hongrie
50%
ايران Iran
50%
Hrvatska Croatie
48%
Suomi Finlande
48%
Sverije Suède
48%
Ελλάδα Grèce
46%
조선 Corée du Nord
44%
Кыргызстан Kirghizistan
40%
Тоҷикистон Tadjikistan
40%
한국 Corée du Sud
36%
台湾 Taïwan
36%
Shqipëria Albanie
34%
Україна Ukraine
34%
Κύπρος Chypre
32%
საქართველო Géorgie
32%
भारत Inde
32%
Ўзбекистон Ouzbékistan
32%
Беларусь Biélorussie
30%
الإمارات العربية المتحدة Émirats arabes unis
30%
Ködörösêse tî Bêafrîka République centrafricaine
28%
السعودية Arabie Saoudite
26%
България Bulgarie
26%
Viti Fidji
26%
Belau Palaos
26%
Benɛɛto Bénin
24%
Монгол Улс Mongolie
24%
ประเทศไทย Thaïlande
24%
العراق Irak
22%
ኤርትራ Érythrée
22%
ኢትዮጵያ Éthiopie
22%
ປະເທດລາວ Laos
22%
Crna Gora Monténégro
22%
Sesel Seychelles
22%
Հայաստան Arménie
20%
नेपाल Népal
20%
Mu̍negu Monaco
20%
ශ්‍රී ලංකා Sri Lanka
20%
الجزاير Algérie
18%
កម្ពុជា Cambodge
18%
မြန်မာ Myanmar
18%
འབྲུག་ཡུལ་ Bhoutan
16%
Aolepān Aorōkin M̧ajeļ Îles Marshall
16%
الأردن Jordanie
16%
المغرب Maroc
16%
عُمَان Oman
16%
تونس Tunisie
16%
اليَمَن Yémen
16%
বাংলাদেশ Bangladesh
14%
މޯލްޑިވްސް އެވެ Maldives
14%
مصر Égypte
12%
لِيبْيَا Libye
12%
ਪਾਕਿਸਤਾਨ Pakistan
12%
قطر Qatar
12%
الْبَحْرَيْن Bahreïn
10%
جِيبُوتِي Djibouti
10%
الكويت Koweït
10%
Salone Sierra Leone
10%
سُورِيَا Syrie
10%
موريتانيا Mauritanie
8%
افغانستان Afghanistan
6%
لبنان Liban
6%
فلسطين Palestine
6%
السودان Soudan
6%
تشاد Tchad
6%
Aucun quiz correspondant
Distribution des résultats
% des personnes avec chaque résultat
Percentile par nombre de réponses
Votre historique - résultats
Vous n’avez pas pris ce quiz